| 000 | 00950nam0a22002291 4500 | ||
|---|---|---|---|
| 001 | rc\1149628 | ||
| 005 | 20041129084620.6 | ||
| 035 | _a(NLR Aleph) 006395200 | ||
| 090 |
_a5187999 _c5187999 |
||
| 100 | _a20041129d1980 u |0rusy50 ca | ||
| 101 | 0 | _arus | |
| 102 | _aRU | ||
| 105 | _ay ||||||||| | ||
| 200 | 1 |
_aМетодические указания по выявлению и ликвидации очагов капрового жука _fМ-во сел. хоз-ва СССР, Гос. инспекция по карантину растений, Всесоюз. н.-и. технол. ин-т по карантину и защите растений _g[Подгот. Г.С. Саплиной, Я.Б. Мордковичем] |
|
| 210 |
_aМ. _cКолос _d1980 |
||
| 215 |
_a13 с. _d20 |
||
| 702 | 1 |
_aСаплина _bГ. С. _4570 |
|
| 801 | 0 |
_aRU _bNLR _gpsbo |
|
| 801 | 1 |
_aRU _bELAR _2rusmarc |
|
| 852 |
_aNLR _j80-4/26248 |
||
| 942 | _cBOOK | ||
| 980 | _aNB | ||